Future city : (Record no. 22563)

000 -LEADER
fixed length control field 01510cam a22003737a 4500
001 - CONTROL NUMBER
control field 14862177
003 - CONTROL NUMBER IDENTIFIER
control field OSt
005 - DATE AND TIME OF LATEST TRANSACTION
control field 20170124120740.0
008 - FIXED-LENGTH DATA ELEMENTS--GENERAL INFORMATION
fixed length control field 070523t20072006nyua c 000 0 eng d
010 ## - LIBRARY OF CONGRESS CONTROL NUMBER
LC control number 2006904379
015 ## - NATIONAL BIBLIOGRAPHY NUMBER
National bibliography number GBA683683
Source bnb
016 7# - NATIONAL BIBLIOGRAPHIC AGENCY CONTROL NUMBER
Record control number 013567458
Source Uk
020 ## - INTERNATIONAL STANDARD BOOK NUMBER
International Standard Book Number 0500286515 (pbk.)
020 ## - INTERNATIONAL STANDARD BOOK NUMBER
International Standard Book Number 9780500286517 (pbk.)
035 ## - SYSTEM CONTROL NUMBER
System control number (OCoLC)ocm71414048
035 ## - SYSTEM CONTROL NUMBER
System control number (OCoLC)71414048
040 ## - CATALOGING SOURCE
Original cataloging agency ZCU
Transcribing agency ZCU
Modifying agency UKM
-- BAKER
-- YDXCP
-- DPL
-- TXA
-- DLC
042 ## - AUTHENTICATION CODE
Authentication code lccopycat
050 00 - LIBRARY OF CONGRESS CALL NUMBER
Classification number NA680
Item number .F887 2007
082 04 - DEWEY DECIMAL CLASSIFICATION NUMBER
Classification number 724/.6
Edition number 22
245 00 - TITLE STATEMENT
Title Future city :
Remainder of title experiment and utopia in architecture /
Statement of responsibility, etc. edited by Jane Alison ... [et al.].
246 30 - VARYING FORM OF TITLE
Title proper/short title Experiment and utopia in architecture
260 ## - PUBLICATION, DISTRIBUTION, ETC. (IMPRINT)
Place of publication, distribution, etc. New York :
Name of publisher, distributor, etc. Thames & Hudson,
Date of publication, distribution, etc. 2007, c2006.
300 ## - PHYSICAL DESCRIPTION
Extent 336 p. :
Other physical details ill. (chiefly col.) ;
Dimensions 24 cm.
500 ## - GENERAL NOTE
General note Catalog of an exhibition held 15 June 2006-17 September 2006 at the Barbican Art Gallery.
650 #0 - SUBJECT ADDED ENTRY--TOPICAL TERM
Topical term or geographic name as entry element Architecture, Modern
Chronological subdivision 20th century
Form subdivision Exhibitions.
650 #0 - SUBJECT ADDED ENTRY--TOPICAL TERM
Topical term or geographic name as entry element City planning
General subdivision History
Chronological subdivision 20th century
Form subdivision Exhibitions.
650 #0 - SUBJECT ADDED ENTRY--TOPICAL TERM
Topical term or geographic name as entry element Architecture, Modern
Chronological subdivision 21st century
Form subdivision Exhibitions.
650 #0 - SUBJECT ADDED ENTRY--TOPICAL TERM
Topical term or geographic name as entry element City planning
General subdivision History
Chronological subdivision 21st century
Form subdivision Exhibitions.
700 1# - ADDED ENTRY--PERSONAL NAME
Personal name Alison, Jane.
710 2# - ADDED ENTRY--CORPORATE NAME
Corporate name or jurisdiction name as entry element Barbican Art Gallery.
906 ## - LOCAL DATA ELEMENT F, LDF (RLIN)
a 7
b cbc
c copycat
d 2
e ncip
f 20
g y-gencatlg
942 ## - ADDED ENTRY ELEMENTS (KOHA)
Source of classification or shelving scheme
Koha item type Hard Covered Materials
Classification part NA 680 .F887 2007
Holdings
Withdrawn status Lost status Source of classification or shelving scheme Damaged status Not for loan Home library Current library Shelving location Date acquired Source of acquisition Total Checkouts Full call number Barcode Date last seen Price effective from Koha item type
          MACHAKOS UNIVERSITY LIBRARY MACHAKOS UNIVERSITY LIBRARY Technical section 24/01/2017 Donation(B.F.A)   NA 680 .F887 2007 32058 05/07/2018 24/01/2017 Hard Covered Materials
© Machakos University Library, Along The Highway, Machakos Wote Rd, Machakos, Kenya P.O. Box 136 - 90100 Machakos - Kenya

Tel: ( +254 ) 723 805829 OR Fax : 044-20353 OR Email: library@mksu.ac.ke